000 00752nam a2200241 i 4500
001 12721
003 ES-MaACL
005 20251012192548.0
007 t|
008 870814s1985 sp ||||0| spa j ..|
015 _a1988-ENE-1988-DIC-20626
016 7 _zSAB9000001771
040 _aM-BN-DP
_bspa
_cM-BN-DP
080 _a860(649)-34"19"(082.2)
245 0 0 _aNarrativa canaria, siglo XX
_b: antología /
_cRafael Franquelo, Víctor Ramírez.
260 _aCanarias :
_b[s.n.],
_c1985.
300 _a148 p. ;
_c22 cm.
650 4 _aCuentos españoles-
_zCanarias-
_yS.XX.
_911485
700 1 _aFranquelo, Rafael.
_952342
700 1 _aRamírez, Víctor,
_d1944-
_9139324
852 _aES-MaACL
_jL-20094
_bR.116059
999 _c12721
_d12721